Okresy ČR - náhlá smrt - Statistics

General Stats
  • This quiz has been taken 250 times
  • The average score is 13 of 34
Answers on the Grid
Answers color-coded by a green-red scale on the quiz's grid according to % correct below.
Břeclav
Lysá nad Labem
Bruntál
Čáslav
Český Krumlov
Dolní Benešov
Cheb
Chrudim
Frýdlant
Děčín
Domažlice
Hanušovice
Česká Lípa
Ivančice
Hodonín
Humpolec
Jeseník
Česká Třebová
Benešov
Klatovy
Kolín
Kroměříž
Šenov
Mělník
Litomyšl
Nový Jičín
Luhačovice
Smiřice
Sokolov
Králův Dvůr
Vyškov
Mnichovo Hradiště
Most
Mýto
Jičín
Verneřice
Náchod
Uničov
Nymburk
Nepomuk
Pardubice
Pec pod Sněžkou
Příbram
Rakovník
Valašské Meziříčí
Slaný
Třebíč
Semily
Slatiňany
Strakonice
Šumperk
Vlašim
Tachov
Žďár nad Sázavou
Slavkov u Brna
Vykáň
Trutnov
Turnov
Svitavy
Uherské Hradiště
 
Answer Stats
Answer % Correct
Pardubice
47%
Český Krumlov
45%
Děčín
44%
Most
44%
Šumperk
44%
Cheb
43%
Kroměříž
43%
Rakovník
43%
Česká Lípa
42%
Kolín
41%
Trutnov
41%
Bruntál
40%
Sokolov
40%
Svitavy
40%
Třebíč
40%
Uherské Hradiště
40%
Žďár nad Sázavou
40%
Strakonice
38%
Břeclav
37%
Hodonín
37%
Benešov
36%
Nový Jičín
36%
Vyškov
36%
Jičín
35%
Klatovy
35%
Příbram
35%
Jeseník
34%
Chrudim
33%
Náchod
33%
Nymburk
33%
Semily
33%
Domažlice
32%
Mělník
31%
Tachov
29%
No matching quizzes found
Score Distribution
Percent of People with Each Score
Percentile by Number Answered
Your Score History
You have not taken this quiz